Teoria wielkiego podrywu – postacie - Statystyki

Ogólne statystyki
  • Ten quiz został rozwiązany 77 razy
  • Średni wynik to 7 z 8
Statystyki odpowiedzi
Postać % Poprawnych
Sheldon Cooper
99%
Penny Hofstadter
95%
Howard Wolowitz
93%
Amy Farrah Fowler
92%
Leonard Hofstadter
90%
Raj Koothrappali
85%
Bernadette Rostenkowski-Wolowitz
74%
Stuart Bloom
55%
Nie znaleziono quizów pasujących do podanych kryteriów
Rozkład punktacji
Procent ludzi z każdym wynikiem
Percentyl według liczby udzielonych odpowiedzi
Twoja historia wyników
Nie rozwiązałeś tego quizu